Statistics for The Guardian's top 100 Footballers of 2019

Click here to take the quiz!

General Stats

  • This quiz has been taken 148 times
  • The average score is 81 of 100

Answer Stats

Club(s)NationPlayer% Correct
JuventusPortugalCristiano Ronaldo
100%
PSGFranceKylian Mbappe
100%
FC BarcelonaArgentinaLionel Messi
100%
LiverpoolEgyptMohamed Salah
100%
LiverpoolSenegalSadio Mane
100%
LiverpoolNetherlandsVirgil Van Dijk
100%
Chelsea/Real MadridBelgiumEden Hazard
99%
Manchester CityBelgiumKevin De Bruyne
99%
Bayern MunichPolandRobert Lewandowski
99%
Tottenham HotspurKorea RepublicHeung-Min Son
98%
Manchester CityArgentinaSergio Aguero
98%
Manchester CityPortugalBernardo Silva
97%
Manchester CitySpainDavid Silva
97%
Tottenham HotspurEnglandHarry Kane
97%
PSGBrazilThiago Silva
97%
Atletico Madrid/FC BarcelonaFranceAntoine Griezmann
96%
Tottenham HotspurEnglandDele Alli
96%
FC BarcelonaUruguayLuis Suarez
96%
Manchester CityEnglandRaheem Sterling
96%
Real MadridFranceKarim Benzema
95%
ArsenalGabonPierre-Emerick Aubameyang
95%
Real MadridGermanyToni Kroos
95%
ChelseaFranceN'Golo Kante
94%
LiverpoolBrazilRoberto Firmino
94%
Ajax/FC BarcelonaNetherlandsFrenkie De Jong
93%
Real MadridCroatiaLuka Modric
93%
PSGBrazilNeymar
93%
Manchester United/Inter MilanBelgiumRomelu Lukaku
93%
LiverpoolBrazilAlisson
92%
PSGUruguayEdinson Cavani
92%
Leicester CityEnglandJamie Vardy
92%
LiverpoolScotlandAndrew Robertson
91%
Real MadridSpainSergio Ramos
91%
LiverpoolEnglandTrent Alexander-Arnold
91%
Ajax/JuventusNetherlandsMatthijs De Ligt
90%
Manchester CityAlgeriaRiyad Mahrez
90%
Tottenham HotspurDenmarkChristian Eriksen
89%
Atletico MadridSloveniaJan Oblak
89%
FC BarcelonaGermanyMarc-Andre Ter Stegen
89%
Manchester CityBrazilEderson
88%
Borussia DortmundEnglandJadon Sancho
87%
LiverpoolEnglandJordan Henderson
87%
Manchester UnitedFrancePaul Pogba
87%
PSGArgentinaAngel Di Maria
86%
JuventusArgentinaPaulo Dybala
86%
LiverpoolBrazilFabinho
84%
LA GalaxySwedenZlatan Ibrahimovic
84%
SL Benfica/Atletico MadridPortugalJoao Felix
83%
Bayern MunichGermanyJoshua Kimmich
83%
NapoliSenegalKalidou Koulibaly
83%
Borussia DortmundGermanyMarco Reus
83%
JuventusBosnia-HerzegovinaMiralem Pjanic
83%
Real MadridFranceRaphael Varane
83%
FC BarcelonaSpainSergio Busquets
83%
Manchester UnitedSpainDavid De Gea
82%
Tottenham HotspurFranceHugo Lloris
82%
RB LeipzigGermanyTimo Werner
82%
AjaxSerbiaDusan Tadic
81%
Manchester CityBrazilFernandinho
81%
AjaxMoroccoHakim Ziyech
81%
LiverpoolNetherlandsGeorginio Wijnaldum
80%
Manchester UnitedEnglandMarcus Rashford
80%
Atletico Madrid/Inter MilanUruguayDiego Godin
79%
ChelseaItalyJorginho
79%
Manchester CityGermanyLeroy Sane
78%
Inter Milan/PSGArgentinaMauro Icardi
78%
Olympique LyonNetherlandsMemphis Depay
78%
Real MadridBrazilCasemiro
77%
Manchester CityBrazilGabriel Jesus
77%
JuventusItalyGiorgio Chiellini
77%
Inter MilanArgentinaLautaro Martinez
77%
FC Barcelona/Bayern MunichBrazilPhilippe Coutinho
76%
LazioItalyCiro Immobile
75%
FC BarcelonaSpainGerard Pique
75%
NapoliBelgiumDries Mertens
74%
PSGItalyMarco Verratti
74%
ArsenalFranceAlexandre Lacazette
73%
Manchester CityFranceAymeric Laporte
73%
FC BarcelonaSpainJordi Alba
73%
Bayern MunichGermanySerge Gnabry
73%
Tottenham HotspurBrazilLucas Moura
71%
PSG/Sao Paulo FCBrazilDani Alves
70%
PSGBrazilMarquinhos
70%
Norwich CityFinlandTeemu Pukki
69%
Borussia DortmundMoroccoAchraf Hakimi
67%
AjaxNetherlandsDonny Van De Beek
66%
Bayer LeverkusenGermanyKai Havertz
66%
RB SalzburgNorwayErling Braut Haland
64%
Sporting CPPortugalBruno Fernandes
63%
Inter MilanSloveniaSamir Handanovic
63%
AtalantaColombiaDuvan Zapata
62%
Atletico MadridUruguayJose Maria Gimenez
60%
Everton/PSGSenegalIdrissa Gueye
58%
Aston Villa/ChelseaEnglandTammy Abraham
48%
FC BarcelonaBrazilArthur
47%
SampdoriaItalyFabio Quagliarella
39%
FlamengoBrazilGabriel Barbosa
36%
Villarreal CFSpainSanti Cazorla
34%
GremioBrazilEverton
29%
FlamengoBrazilBruno Henrique
13%

Score Distribution

Percentile by Number Answered

Percent of People with Each Score

Your Score History

You have not taken this quiz